00472nam a2200193 a 4500001001300000003000900013005001700022008004100039020001000080082001300090100001800103245002400121260004400145300000900189500003500198505001000233650001700243700001800260nice12345678IN_TiNIC20260116012350.0050524s1983 paka grp 000 0 urd  ac10000a232bAAS aAasi, Imanuel aYesu Ba Nazre Luqa. aPakistanbCatholic Idara Adabiyatc1983 a100p aincludes index and biblioraphy2 aIndex aJesus Christ1 aAasi, Imanuel